{"text_format":"3","workbook":"xlsx","n_sheets":1,"sheets":["t413"],"read":"whole","date_system":"1900"}

{"sheet":"t413","index":0,"n_rows":154,"n_cols":7,"rows_kept":154,"merged":[[0,0,0,6],[28,0,28,5],[42,0,42,5],[139,0,139,5]]}
["TABELA 413.1 - Estatísticas Agrícolas, Município de Pedrinhas Paulista, Estado de São Paulo, 2016/17."]
["ITEM","UNIDADE","N.DE UPAs","MÍNIMO","MÉDIO","MÁXIMO","TOTAL"]
["Distância à sede do município","km",365,0.1,{"v":5.02,"d":"5.0"},19.5,"-"]
["Área total","hectare",365,0.8,{"v":34.09,"d":"34.1"},614.7,{"v":12444.08,"d":"12,444.1"}]
["Área com cultura perene","hectare","-","-","-","-",{"v":0,"d":"0.0"}]
["Área com cultura temporária","hectare",348,0.4,{"v":31.61,"d":"31.6"},520.3,{"v":11000.11,"d":"11,000.1"}]
["Área com pastagem","hectare",84,0.3,{"v":12.82,"d":"12.8"},234.7,{"v":1076.6,"d":"1,076.6"}]
["Área com reflorestamento","hectare",8,0.7,{"v":1.96,"d":"2.0"},4.8,15.7]
["Área com vegetação natural","hectare",23,0.2,{"v":3.52,"d":"3.5"},41.2,{"v":81,"d":"81.0"}]
["Área com vegetação de brejo e várzea","hectare",5,0.5,{"v":1.73,"d":"1.7"},{"v":4,"d":"4.0"},{"v":8.67,"d":"8.7"}]
["Área em descanso","hectare",6,1.2,7.5,23.3,{"v":45,"d":"45.0"}]
["Área complementar","hectare",135,0.1,{"v":1.61,"d":"1.6"},12.1,{"v":217,"d":"217.0"}]
["Área das UPAs com (0, 1] ha","hectare",3,0.8,{"v":0.93,"d":"0.9"},{"v":1,"d":"1.0"},2.8]
["Área das UPAs com (1, 2] ha","hectare",3,1.2,{"v":1.57,"d":"1.6"},1.8,4.7]
["Área das UPAs com (2, 5] ha","hectare",43,2.4,{"v":3.58,"d":"3.6"},4.8,154.1]
["Área das UPAs com (5, 10] ha","hectare",51,5.1,{"v":8.09,"d":"8.1"},9.9,412.8]
["Área das UPAs com (10, 20] ha","hectare",117,10.4,15.8,{"v":20,"d":"20.0"},{"v":1848.08,"d":"1,848.1"}]
["Área das UPAs com (20, 50] ha","hectare",107,20.1,{"v":28.61,"d":"28.6"},48.4,{"v":3061.7,"d":"3,061.7"}]
["Área das UPAs com (50, 100] ha","hectare",20,50.8,{"v":68.42,"d":"68.4"},{"v":100,"d":"100.0"},{"v":1368.3,"d":"1,368.3"}]
["Área das UPAs com (100, 200] ha","hectare",7,104.1,{"v":120.74,"d":"120.7"},172.6,845.2]
["Área das UPAs com (200, 500] ha","hectare",12,206.1,{"v":299.33,"d":"299.3"},468.3,{"v":3592,"d":"3,592.0"}]
["Área das UPAs com (500, 1.000] ha","hectare",2,539.7,577.2,614.7,{"v":1154.4,"d":"1,154.4"}]
["Área das UPAs com (1.000, 2.000] ha","hectare","-","-","-","-","-"]
["Área das UPAs com (2.000, 5.000] ha","hectare","-","-","-","-","-"]
["Área das UPAs com (5.000, 10.000] ha","hectare","-","-","-","-","-"]
["Área das UPAs acima de 10.000 ha","hectare","-","-","-","-","-"]
["Fonte: Secretaria de Agricultura e Abastecimento, CDRS/IEA, Projeto LUPA."]
[]
["TABELA 413.2 - Explorações Animais, Município de Pedrinhas Paulista, Estado de São Paulo, 2016/17."]
["ITEM","UNIDADE","N.DE UPAs","MÍNIMO","MÉDIO","MÁXIMO","TOTAL"]
["Avicultura de corte","cabecas/ano",2,{"v":25,"d":"25.0"},87.5,{"v":150,"d":"150.0"},{"v":175,"d":"175.0"}]
["Avicultura ornamental/decorativa/exotica","cabecas",1,{"v":40,"d":"40.0"},{"v":40,"d":"40.0"},{"v":40,"d":"40.0"},{"v":40,"d":"40.0"}]
["Avicultura para ovos","cabecas",1,{"v":20,"d":"20.0"},{"v":20,"d":"20.0"},{"v":20,"d":"20.0"},{"v":20,"d":"20.0"}]
["Bovinocultura de corte","cabecas",9,{"v":10,"d":"10.0"},{"v":78,"d":"78.0"},{"v":250,"d":"250.0"},{"v":702,"d":"702.0"}]
["Bovinocultura leiteira","cabecas",8,{"v":2,"d":"2.0"},{"v":30.88,"d":"30.9"},{"v":140,"d":"140.0"},{"v":247,"d":"247.0"}]
["Bovinocultura mista","cabecas",46,{"v":4,"d":"4.0"},{"v":12.04,"d":"12.0"},{"v":22,"d":"22.0"},{"v":554,"d":"554.0"}]
["Equinocultura","cabecas",3,{"v":3,"d":"3.0"},{"v":4.67,"d":"4.7"},{"v":8,"d":"8.0"},{"v":14,"d":"14.0"}]
["Ovinocultura","cabecas",5,{"v":10,"d":"10.0"},{"v":30,"d":"30.0"},{"v":100,"d":"100.0"},{"v":150,"d":"150.0"}]
["Piscicultura","m2 tanques",2,{"v":600,"d":"600.0"},{"v":10300,"d":"10,300.0"},{"v":20000,"d":"20,000.0"},{"v":20600,"d":"20,600.0"}]
["Suinocultura","cabecas",15,{"v":5,"d":"5.0"},{"v":9.33,"d":"9.3"},{"v":15,"d":"15.0"},{"v":140,"d":"140.0"}]
["Fonte: Secretaria de Agricultura e Abastecimento, CDRS/IEA, Projeto LUPA."]
[]
["TABELA 413.3 -  Máquinas, Implementos e Benfeitorias, Município de Pedrinhas Paulista, Estado de São Paulo, 2016/17."]
["ITEM","UNIDADE","N.DE UPAs","MÍNIMO","MÉDIO","MÁXIMO","TOTAL"]
["Arado comum (bacia, aiveca)","unidade",74,{"v":1,"d":"1.0"},{"v":1.16,"d":"1.2"},{"v":4,"d":"4.0"},{"v":86,"d":"86.0"}]
["Arado escarificador","unidade",31,{"v":1,"d":"1.0"},{"v":1.39,"d":"1.4"},{"v":3,"d":"3.0"},{"v":43,"d":"43.0"}]
["Arado subsolador","unidade",62,{"v":1,"d":"1.0"},{"v":1.23,"d":"1.2"},{"v":4,"d":"4.0"},{"v":76,"d":"76.0"}]
["Carreta de trator","unidade",1,{"v":2,"d":"2.0"},{"v":2,"d":"2.0"},{"v":2,"d":"2.0"},{"v":2,"d":"2.0"}]
["Colhedeira automotriz","unidade",61,{"v":1,"d":"1.0"},{"v":1.46,"d":"1.5"},{"v":5,"d":"5.0"},{"v":89,"d":"89.0"}]
["Conj.irrigacao autopropelido","unidade",2,{"v":2,"d":"2.0"},{"v":2,"d":"2.0"},{"v":2,"d":"2.0"},{"v":4,"d":"4.0"}]
["Conj.irrigacao convencional","unidade",2,{"v":1,"d":"1.0"},{"v":1,"d":"1.0"},{"v":1,"d":"1.0"},{"v":2,"d":"2.0"}]
["Conjunto de fenacao","unidade",2,{"v":1,"d":"1.0"},{"v":1,"d":"1.0"},{"v":1,"d":"1.0"},{"v":2,"d":"2.0"}]
["Desintegrador de palha (plantio direto)","unidade",1,{"v":1,"d":"1.0"},{"v":1,"d":"1.0"},{"v":1,"d":"1.0"},{"v":1,"d":"1.0"}]
["Desintegrador, picador, triturador","unidade",3,{"v":1,"d":"1.0"},{"v":1,"d":"1.0"},{"v":1,"d":"1.0"},{"v":3,"d":"3.0"}]
["Distribuidor de calcario","unidade",31,{"v":1,"d":"1.0"},{"v":1.06,"d":"1.1"},{"v":2,"d":"2.0"},{"v":33,"d":"33.0"}]
["Ensiladeira","unidade",2,{"v":1,"d":"1.0"},{"v":1,"d":"1.0"},{"v":1,"d":"1.0"},{"v":2,"d":"2.0"}]
["Grade aradora (tipo romi)","unidade",68,{"v":1,"d":"1.0"},{"v":1.41,"d":"1.4"},{"v":4,"d":"4.0"},{"v":96,"d":"96.0"}]
["Grade niveladora","unidade",82,{"v":1,"d":"1.0"},{"v":1.83,"d":"1.8"},{"v":5,"d":"5.0"},{"v":150,"d":"150.0"}]
["Mmicrotrator","unidade",1,{"v":2,"d":"2.0"},{"v":2,"d":"2.0"},{"v":2,"d":"2.0"},{"v":2,"d":"2.0"}]
["Ordenhadeira mecanica","unidade",1,{"v":8,"d":"8.0"},{"v":8,"d":"8.0"},{"v":8,"d":"8.0"},{"v":8,"d":"8.0"}]
["Pulverizador tratorizado","unidade",79,{"v":1,"d":"1.0"},{"v":1.81,"d":"1.8"},{"v":4,"d":"4.0"},{"v":143,"d":"143.0"}]
["Resfriador de leite, tanque expansao","unidade",1,{"v":2,"d":"2.0"},{"v":2,"d":"2.0"},{"v":2,"d":"2.0"},{"v":2,"d":"2.0"}]
["Semeadeira/adubadeira para plantio convencional","unidade",79,{"v":1,"d":"1.0"},{"v":2.13,"d":"2.1"},{"v":7,"d":"7.0"},{"v":168,"d":"168.0"}]
["Semeadeira/plantadeira plantio direto","unidade",51,{"v":1,"d":"1.0"},{"v":1.27,"d":"1.3"},{"v":4,"d":"4.0"},{"v":65,"d":"65.0"}]
["Terraceador","unidade",9,{"v":1,"d":"1.0"},{"v":1.11,"d":"1.1"},{"v":2,"d":"2.0"},{"v":10,"d":"10.0"}]
["Trator de pneus  acima de 85 cv","unidade",79,{"v":1,"d":"1.0"},{"v":2.53,"d":"2.5"},{"v":8,"d":"8.0"},{"v":200,"d":"200.0"}]
["Trator de pneus de 66 cv a 85 cv","unidade",56,{"v":1,"d":"1.0"},{"v":1.38,"d":"1.4"},{"v":3,"d":"3.0"},{"v":77,"d":"77.0"}]
["Acude/represa","unidade",2,{"v":1,"d":"1.0"},{"v":1,"d":"1.0"},{"v":1,"d":"1.0"},{"v":2,"d":"2.0"}]
["Almoxarifado/oficina","unidade",5,{"v":1,"d":"1.0"},{"v":1,"d":"1.0"},{"v":1,"d":"1.0"},{"v":5,"d":"5.0"}]
["Armazem para graos ensacados","sacas",2]
["Balanca para veiculos","unidade",3,{"v":1,"d":"1.0"},{"v":1.33,"d":"1.3"},{"v":2,"d":"2.0"},{"v":4,"d":"4.0"}]
["Barracao/galpao/garagem","unidade",128,{"v":1,"d":"1.0"},{"v":1.18,"d":"1.2"},{"v":5,"d":"5.0"},{"v":151,"d":"151.0"}]
["Casa de moradia habitada","unidade",128,{"v":1,"d":"1.0"},{"v":1.55,"d":"1.6"},{"v":6,"d":"6.0"},{"v":198,"d":"198.0"}]
["Casa de moradia total","unidade",152,{"v":1,"d":"1.0"},{"v":1.69,"d":"1.7"},{"v":8,"d":"8.0"},{"v":257,"d":"257.0"}]
["Curral/mangueira","unidade",80,{"v":1,"d":"1.0"},{"v":1.05,"d":"1.1"},{"v":2,"d":"2.0"},{"v":84,"d":"84.0"}]
["Deposito/tulha","unidade",121,{"v":1,"d":"1.0"},{"v":1.04,"d":"1.0"},{"v":2,"d":"2.0"},{"v":126,"d":"126.0"}]
["Engenho","unidade",1,{"v":1,"d":"1.0"},{"v":1,"d":"1.0"},{"v":1,"d":"1.0"},{"v":1,"d":"1.0"}]
["Estabulo","unidade",2,{"v":1,"d":"1.0"},{"v":1,"d":"1.0"},{"v":1,"d":"1.0"},{"v":2,"d":"2.0"}]
["Estacao/posto meteorologico","unidade",1,{"v":1,"d":"1.0"},{"v":1,"d":"1.0"},{"v":1,"d":"1.0"},{"v":1,"d":"1.0"}]
["Fabrica de racao","unidade",1,{"v":1,"d":"1.0"},{"v":1,"d":"1.0"},{"v":1,"d":"1.0"},{"v":1,"d":"1.0"}]
["Pocilga","unidade",99,{"v":1,"d":"1.0"},{"v":1.02,"d":"1.0"},{"v":2,"d":"2.0"},{"v":101,"d":"101.0"}]
["Poco semi-artesiano","unidade",25,{"v":1,"d":"1.0"},{"v":1.12,"d":"1.1"},{"v":2,"d":"2.0"},{"v":28,"d":"28.0"}]
["Secador de graos","unidade",7,{"v":1,"d":"1.0"},{"v":1.29,"d":"1.3"},{"v":3,"d":"3.0"},{"v":9,"d":"9.0"}]
["Silo para graos","ton",10]
["Silo para silagem","ton",3]
["Fonte: Secretaria de Agricultura e Abastecimento, CDRS/IEA, Projeto LUPA."]
[]
["TABELA 413.4 - Outras Estatísticas Agrícolas, Município de Pedrinhas Paulista, Estado de São Paulo, 2016/17."]
["ITEM","Número de UPAs",null,"Percentual"]
["Faz Parte de Associação de Produtores",136,null,{"v":37.26027397260274,"d":"37.3"}]
["Faz Parte de Cooperativa de Produtores",352,null,{"v":96.43835616438355,"d":"96.4"}]
["Faz Parte do Sindicato de Produtores",167,null,{"v":45.75342465753424,"d":"45.8"}]
["Não utiliza assistência técnica ",10,null,{"v":2.73972602739726,"d":"2.7"}]
["Utiliza somente assistência técnica governamental ",43,null,{"v":11.780821917808218,"d":"11.8"}]
["Utiliza somente assistência técnica privada ",21,null,{"v":5.7534246575342465,"d":"5.8"}]
["Utiliza assistência técnica tanto governamental quanto privada",291,null,{"v":79.72602739726027,"d":"79.7"}]
["Utiliza Crédito Rural",355,null,{"v":97.26027397260273,"d":"97.3"}]
["Utiliza Seguro Rural",323,null,{"v":88.4931506849315,"d":"88.5"}]
["Utiliza Escrituração Agrícola",356,null,{"v":97.53424657534245,"d":"97.5"}]
["Acessa Internet p/ Fins na Agropecuária",255,null,{"v":69.86301369863014,"d":"69.9"}]
["Utiliza Computador nas Atividades Agropecuárias",239,null,{"v":65.47945205479452,"d":"65.5"}]
["Utiliza Energia Elétrica Para Uso na Atividade Agrícola",272,null,{"v":74.52054794520548,"d":"74.5"}]
["Utiliza Energia Alternativa",2,null,{"v":0.547945205479452,"d":"0.5"}]
["Realiza Análise de Solo, quando necessário",361,null,{"v":98.90410958904108,"d":"98.9"}]
["Realiza Calagem",335,null,{"v":91.78082191780821,"d":"91.8"}]
["Utiliza Práticas de Conservação de Solo, quando necessário",362,null,{"v":99.17808219178082,"d":"99.2"}]
["Faz Adubação Mineral, quando necessário",355,null,{"v":97.26027397260273,"d":"97.3"}]
["Faz Adubação Orgânica, quando necessário",26,null,{"v":7.123287671232877,"d":"7.1"}]
["Faz Adubação Verde, quando necessário",61,null,{"v":16.71232876712329,"d":"16.7"}]
["Utiliza Manejo Integrado de Pragas (MIP)",19,null,{"v":5.205479452054795,"d":"5.2"}]
["Utiliza Hidroponia","-",null,"-"]
["Utiliza Cultivo em Estufa","-",null,"-"]
["Utiliza Mudas Fiscalizadas",19,null,{"v":5.205479452054795,"d":"5.2"}]
["Utiliza Semente Melhorada",330,null,{"v":90.41095890410958,"d":"90.4"}]
["Faz Confinamento de Bovinos",8,null,{"v":2.191780821917808,"d":"2.2"}]
["Utiliza Pastejo Intensivo",48,null,{"v":13.15068493150685,"d":"13.2"}]
["Faz Inseminação Artificial",2,null,{"v":0.547945205479452,"d":"0.5"}]
["Faz Mineralização do Rebanho",53,null,{"v":14.52054794520548,"d":"14.5"}]
["Faz Vermifugação do Rebanho",52,null,{"v":14.246575342465754,"d":"14.2"}]
["Possui Parceiros /Arrendatários na Exploração Animal",115,null,{"v":31.506849315068493,"d":"31.5"}]
["Existência de trabalhadores c/ deficiência na UPA","-",null,"-"]
["Esporte e lazer",1,null,{"v":0.273972602739726,"d":"0.3"}]
["Extração mineral","-",null,"-"]
["Hotel Fazenda, Pousada ou SPA","-",null,"-"]
["Pesque-pague","-",null,"-"]
["Restaurante ou Lanchonete","-",null,"-"]
["Transformação artesanal","-",null,"-"]
["Turismo rural ou ecoturismo","-",null,"-"]
["Outras atividades econômicas rurais","-",null,"-"]
["Agroindústria","-",null,"-"]
["Proprietário sem instrução ou com instrução incompleta",34,null,{"v":9.315068493150685,"d":"9.3"}]
["Proprietário com antigo primário completo",101,null,{"v":27.67123287671233,"d":"27.7"}]
["Proprietário com 1° grau (ou antigo ginasial) completo",74,null,{"v":20.273972602739725,"d":"20.3"}]
["Proprietário com 2° grau (ou antigo colegial) completo",88,null,{"v":24.109589041095887,"d":"24.1"}]
["Proprietário com curso superior completo ",62,null,{"v":16.986301369863014,"d":"17.0"}]
["Pessoa Jurídica",6,null,{"v":1.6438356164383563,"d":"1.6"}]
["Proprietário residente na própria UPA ",52,null,{"v":14.246575342465754,"d":"14.2"}]
["Fonte: Secretaria de Agricultura e Abastecimento, CDRS/IEA, Projeto LUPA."]
[]
["TABELA 413.5 - Área Cultivada, Município de Pedrinhas Paulista, Estado de São Paulo, 2016/17."]
["CULTURA","N.DE UPAs","MÍNIMO","MÉDIO","MÁXIMO","TOTAL"]
["Soja",321,1.2,{"v":28.38,"d":"28.4"},520.3,{"v":9111.1,"d":"9,111.1"}]
["Milho 2 safra",191,1.2,{"v":31.91,"d":"31.9"},520.3,{"v":6095.2,"d":"6,095.2"}]
["Milho safra",144,0.6,{"v":23.47,"d":"23.5"},399.3,{"v":3379.2,"d":"3,379.2"}]
["Cana-de-acucar finalidade industria",25,4.1,{"v":63.84,"d":"63.8"},274.9,{"v":1596.1,"d":"1,596.1"}]
["Braquiaria",83,0.3,{"v":12.96,"d":"13.0"},234.7,{"v":1075.6,"d":"1,075.6"}]
["Arroz",60,0.4,{"v":3.61,"d":"3.6"},38.1,216.3]
["Feijao",2,17.9,{"v":33.15,"d":"33.2"},48.4,66.3]
["Trigo",1,35.1,35.1,35.1,35.1]
["Eucalipto",6,0.9,1.7,{"v":2,"d":"2.0"},10.2]
["Aveia",1,8.5,8.5,8.5,8.5]
["Outras florestais",2,0.7,{"v":2.75,"d":"2.8"},4.8,5.5]
["Gramas",1,{"v":1,"d":"1.0"},{"v":1,"d":"1.0"},{"v":1,"d":"1.0"},{"v":1,"d":"1.0"}]
["Fonte: Secretaria de Agricultura e Abastecimento, CDRS/IEA, Projeto LUPA."]